01216nam a2200265 a 450000100100000000500170001000800410002702000150006804000250008308200150010810000480012324501410017126000330031230000200034549000580036550000570042350000690048050400310054971000470058083000650062704900090069295201190070195201130082099900170093300002221920210910112133.0100920s2000 dr 000 0 spa d a9993401005 aDO-SdBNPbspacBNPHU axxxbR173d1 aRamírez Morillo, Belarminio,d1964-9252014aLos distritos electorales :blas consecuencias políticas de su aplicación en República Dominicana /cBelarminio Ramírez Morillo. aSanto Domingo :bIFP,c2000. a95 P. ;c22 cm.1 aPublicaciones del Instituto de Formación Política aIncluye datos biográficos del autor en las solapas aIncluye notas al pie de páginas y referencias bibliográficas aBibliografías : p. 93-952 aInstituto de Formación Política945955 0aPublicaciones del Instituto de Formación Política945956 aBNPD 0010718PDaPDbPDcCTd2010-09-20iLF1l0oxxx R173dp22219-10r2020-06-25te. 2w2020-06-25yLFPDZNo se presta 0010718PDaPDbPDcCTd2010-09-20iLF1l0oxxx R173dp22219-20r2020-06-25w2020-06-25yLFPDZNo se presta c21717d21717